Подробности
| 000 -МАРКЕР |
| контрольное поле |
03887nam0a2200397 4500 |
| 001 - ИДЕНТИФИКАТОР ЗАПИСИ |
| контрольное поле |
RU\NLR\BIBL_A\016214545 |
| 005 - ИДЕНТИФИКАТОР ВЕРСИИ |
| контрольное поле |
20221209122151.0 |
| 010 ## - МЕЖДУНАРОДНЫЙ СТАНДАРТНЫЙ НОМЕР КНИГИ (ISBN) |
| Номер (ISBN) |
978-5-8291-3958-2 |
| Тираж |
500 |
| 021 ## - НОМЕР ГОСУДАРСТВЕННОЙ РЕГИСТРАЦИИ |
| Код страны |
Российская Федерация |
| Номер |
КН-П-22-072749 |
| Номер Листа государственной регистраци |
КН-П-22-6334 |
| 035 ## - ДРУГИЕ СИСТЕМНЫЕ НОМЕРА |
| Идентификатор записи |
(NLR Aleph) 016214545 |
| 035 ## - ДРУГИЕ СИСТЕМНЫЕ НОМЕРА |
| Идентификатор записи |
(RuMoRGB)011297347 |
| 100 ## - ДАННЫЕ ОБЩЕЙ ОБРАБОТКИ |
| Данные общей обработки |
20221122d2022 k y0rusy50 ca |
| 101 0# - ЯЗЫК РЕСУРСА |
| Язык текста, звукозаписи и т.д. |
русский |
| 102 ## - СТРАНА ПУБЛИКАЦИИ ИЛИ ПРОИЗВОДСТВА |
| Страна публикации |
Российская Федерация |
| 105 ## - ПОЛЕ КОДИРОВАННЫХ ДАННЫХ: ТЕКСТОВЫЕ МАТЕРИАЛЫ, МОНОГРАФИЧЕСКИЕ |
| Кодированные данные о монографическом текстовом документе |
|||z|||000zy |
| 181 #0 - ПОЛЕ КОДИРОВАННЫХ ДАННЫХ: ВИД СОДЕРЖАНИЯ |
| Код вида содержания (ISBD) |
i3 |
| Код характеристики содержания (ISBD) |
axxe |
| 182 #0 - ПОЛЕ КОДИРОВАННЫХ ДАННЫХ: ТИП СРЕДСТВА |
| Код типа средства (ISBD) |
n - непосредственное |
| 200 1# - ЗАГЛАВИЕ И СВЕДЕНИЯ ОБ ОТВЕТСТВЕННОСТИ |
| Основное заглавие |
Развитие бережливых производственных систем в России |
| Сведения, относящиеся к заглавию |
синергия возможностей |
| -- |
коллективная монография |
| Первые сведения об ответственности |
Э. В. Кондратьев, д.э.н., Н. А. Митрофанов, Н. А. Гудз [и др.] |
| Последующие сведения об ответственности |
под ред. Э. В. Кондратьева |
| -- |
Министерство науки и высшего образования Российской Федерации, Российская академия народного хозяйства и государственной службы при Президенте Российской Федерации [и др.] |
| 203 ## - ВИД СОДЕРЖАНИЯ И ТИП СРЕДСТВА |
| Вид содержания |
Текст |
| Дополнительные сведения об издании |
визуальный |
| Тип средства |
непосредственный |
| 210 ## - ПУБЛИКАЦИЯ, РАСПРОСТРАНЕНИЕ И ДР. |
| Место издания, распространения и т.д. |
Москва |
| Имя издателя, распространителя и т. д. |
Академический проект |
| Дата издания, распространения и т.д. |
2022 |
| 215 ## - ФИЗИЧЕСКАЯ ХАРАКТЕРИСТИКА |
| Специфическое обозначение материала и объем |
233, [1] с. |
| Другие сведения о физической характеристике |
ил., табл. |
| Размеры |
22 |
| 300 ## - ОБЩИЕ ПРИМЕЧАНИЯ |
| Текст примечания |
Авт. указаны на обороте тит. с. |
| 320 ## - ПРИМЕЧАНИЯ О НАЛИЧИИ В ДОКУМЕНТЕ БИБЛИОГРАФИИ / УКАЗАТЕЛЯ |
| Текст примечания |
Библиогр.: с. 215-220 и в подстроч. примеч. |
| 330 ## - РЕЗЮМЕ ИЛИ РЕФЕРАТ |
| Текст примечания |
Коллективная монография посвящена практике применения идей синергетики в управлении сложными системами в консалтинге. Читатель погружается в мир сложных систем, синергии групповой работы, лидерства сложности, фрактайлинга и резонансного менеджмента. Авторы монографии - это практики, совмещающие консультирование и управление предприятиями с активной научной деятельностью. В основу научно-методического знания положен опыт управления и реализации консалтинговых проектов. Работа интересна собственникам, руководителям и лидерам перемен, кто находится на переднем плане современных методов развития предприятий. Может использоваться в качестве альманаха для подготовки бакалавров, магистров, слушателей МВА, DBA и аспирантов в области менеджмента, управления персоналом и управления качеством |
| 606 1# - НАИМЕНОВАНИЕ ТЕМЫ КАК ПРЕДМЕТ |
| Наименование темы |
Производство |
| Тематический подзаголовок |
Эффективность |
| -- |
Управление |
| Географический подзаголовок |
Российская Федерация |
| Системный номер авторитетной/нормативной записи |
2475876 |
| Идентификатор авторитетной/нормативной записи |
RU\NLR\AUTH\6601686922 |
| 686 1# - ИНДЕКСЫ ДРУГИХ КЛАССИФИКАЦИЙ |
| Индекс |
У30(2)-07-21(2Р) |
| 701 #1 - ИМЯ ЛИЦА - АЛЬТЕРНАТИВНАЯ ОТВЕТСТВЕННОСТЬ |
| Графика поля |
Кириллица |
| Материалы, к которым относится поле |
rus |
| Начальный элемент ввода |
Кондратьев |
| Часть имени, кроме начального элемента ввода |
Э. В. |
| Дополнения к именам, кроме дат |
д-р экон. наук |
| Даты |
1974- |
| Расширение инициалов личного имени |
Эдуард Викторович |
| Системный номер авторитетной/нормативной записи |
24445 |
| Идентификатор авторитетной/нормативной записи |
RU\NLR\AUTH\7741497 |
| 701 #1 - ИМЯ ЛИЦА - АЛЬТЕРНАТИВНАЯ ОТВЕТСТВЕННОСТЬ |
| Начальный элемент ввода |
Митрофанов |
| Часть имени, кроме начального элемента ввода |
Н. А. |
| Даты |
1972- |
| Расширение инициалов личного имени |
Николай Андреевич |
| 701 #1 - ИМЯ ЛИЦА - АЛЬТЕРНАТИВНАЯ ОТВЕТСТВЕННОСТЬ |
| Начальный элемент ввода |
Гудз |
| Часть имени, кроме начального элемента ввода |
Н. А. |
| Даты |
1973- |
| Расширение инициалов личного имени |
Николай Анатольевич |
| 712 02 - НАИМЕНОВАНИЕ ОРГАНИЗАЦИИ - ВТОРИЧНАЯ ОТВЕТСТВЕННОСТЬ |
| Код отношения |
Прочие |
| Начальный элемент ввода |
Российская академия народного хозяйства и государственной службы |
| Системный номер авторитетной/нормативной записи |
844882 |
| Идентификатор авторитетной/нормативной записи |
RU\NLR\AUTH\8810174408 |
| 942 ## - ДОПОЛНИТЕЛЬНЫЕ ЭЛЕМЕНТЫ ЗАПИСИ (АБИС) |
| Тип экземпляра АБИС |
Книга |
| 980 ## - КОЛЛЕКЦИЯ |
| Название коллекции |
Национальная библиография |